Confina o non confina? FACILE - clicca l'intruso - Statistics

Statistiche generali
  • Questo quiz è stato fatto 93 volte
  • Il punteggio medio è 6 su 7
Statistiche sulle risposte
Domanda Risposta % Corretto
Italia Croazia
95%
Brasile Panama
93%
Francia Paesi Bassi
90%
Algeria Senegal
90%
Sudafrica Costa d'Avorio
89%
Russia Bulgaria
84%
Pakistan Kazakistan
59%
Nessun quiz corrispondente trovato
Distribuzione punteggi
Percentuale di utenti per punteggio
Percentile per numero di risposta
I tuoi punteggi nel tempo
Non hai fatto questo quiz